| 000 -LEADER |
| fixed length control field |
01256nam a22002657a 4500 |
| 008 - FIXED-LENGTH DATA ELEMENTS--GENERAL INFORMATION |
| fixed length control field |
250527b xxu||||| |||| 00| 0 eng d |
| 040 ## - CATALOGING SOURCE |
| Original cataloging agency |
Cagayan State University |
| Description conventions |
RDA |
| 082 ## - DEWEY DECIMAL CLASSIFICATION NUMBER |
| Classification number |
791.4372 |
| Item number |
A11196 2020 |
| 245 ## - TITLE STATEMENT |
| Title |
A quiet place part II 2020 / directed by John Krasinski ; written by John Krasinski ; produced by Michael Bay (and three others). |
| 260 ## - PUBLICATION, DISTRIBUTION, ETC. (IMPRINT) |
| Place of publication, distribution, etc |
United States : |
| Name of publisher, distributor, etc |
Platinum Dunes ; |
| -- |
Sunday Night Productions ; |
| -- |
Paramount Pictures, |
| Date of publication, distribution, etc |
2020. |
| 300 ## - PHYSICAL DESCRIPTION |
| Extent |
1 videofile, (ca. 97 mins.) |
| Other physical details |
sound, color. |
| 440 ## - SERIES STATEMENT/ADDED ENTRY--TITLE |
| Title |
(A Quiet Place) |
| 520 ## - SUMMARY, ETC. |
| Summary, etc |
Following the deadly events at home, the Abbott family must now face the terrors of the outside world as they continue their fight for survival in silence. Forced to venture into the unknown, they quickly realize that the creatures that hunt by sound are not the only threats that lurk beyond the sand path. |
| 650 ## - SUBJECT ADDED ENTRY--TOPICAL TERM |
| Topical term or geographic name as entry element |
Drama. |
| 650 ## - SUBJECT ADDED ENTRY--TOPICAL TERM |
| Topical term or geographic name as entry element |
Horror. |
| 700 ## - ADDED ENTRY--PERSONAL NAME |
| Personal name |
Blunt, Emily, star. |
| 700 ## - ADDED ENTRY--PERSONAL NAME |
| Personal name |
Murphy, Cillian, star. |
| 700 ## - ADDED ENTRY--PERSONAL NAME |
| Personal name |
Simmonds, Millicent, star. |
| 700 ## - ADDED ENTRY--PERSONAL NAME |
| Personal name |
Jupe, Noah, star. |
| 700 ## - ADDED ENTRY--PERSONAL NAME |
| Personal name |
Hounsou, Djimon, star. |
| 700 ## - ADDED ENTRY--PERSONAL NAME |
| Personal name |
Krasinski, John, star. |
| 700 ## - ADDED ENTRY--PERSONAL NAME |
| Personal name |
Morgan, Polly, cinematographer. |
| 700 ## - ADDED ENTRY--PERSONAL NAME |
| Personal name |
Shawver, Michael P., editor. |
| 942 ## - ADDED ENTRY ELEMENTS (KOHA) |
| Source of classification or shelving scheme |
|
| Item type |
Audio-Visual Materials |